Education in Universities in India 1968-69 : A statistical survey. (Record no. 13265)

MARC details
000 -LEADER
fixed length control field 00328nam a2200121Ia 4500
082 ## - DEWEY DECIMAL CLASSIFICATION NUMBER
Classification number RE.000;
100 ## - MAIN ENTRY--AUTHOR NAME
Personal name India. Ministry of Education a
245 #0 - TITLE STATEMENT
Title Education in Universities in India 1968-69 : A statistical survey.
260 ## - PUBLICATION, DISTRIBUTION, ETC. (IMPRINT)
Year of publication 1981
300 ## - PHYSICAL DESCRIPTION
Number of Pages iii,396p.
942 ## - ADDED ENTRY ELEMENTS (KOHA)
Koha item type Books
Holdings
Withdrawn status Lost status Damaged status Not for loan Home library Current library Date acquired Bill Date Full call number Accession Number Price effective from Koha item type
        NASSDOC Library NASSDOC Library 08/10/2004 2004-10-22 RE.000; 14865 18/04/2019 Books